<?xml version="1.0" encoding="UTF-8"?><?xml-stylesheet type="text/xsl" href="static/style.xsl"?><OAI-PMH xmlns="http://www.openarchives.org/OAI/2.0/" xmlns:xsi="http://www.w3.org/2001/XMLSchema-instance" xsi:schemaLocation="http://www.openarchives.org/OAI/2.0/ http://www.openarchives.org/OAI/2.0/OAI-PMH.xsd"><responseDate>2026-06-07T13:53:13Z</responseDate><request verb="GetRecord" identifier="oai:docta.ucm.es:20.500.14352/98319" metadataPrefix="marc">https://docta.ucm.es/rest/oai/request</request><GetRecord><record><header><identifier>oai:docta.ucm.es:20.500.14352/98319</identifier><datestamp>2025-03-18T11:59:19Z</datestamp><setSpec>com_20.500.14352_14</setSpec><setSpec>col_20.500.14352_15</setSpec></header><metadata><record xmlns="http://www.loc.gov/MARC21/slim" xmlns:dcterms="http://purl.org/dc/terms/" xmlns:xsi="http://www.w3.org/2001/XMLSchema-instance" xmlns:doc="http://www.lyncode.com/xoai" xsi:schemaLocation="http://www.loc.gov/MARC21/slim http://www.loc.gov/standards/marcxml/schema/MARC21slim.xsd">
   <leader>00925njm 22002777a 4500</leader>
   <datafield ind2=" " ind1=" " tag="042">
      <subfield code="a">dc</subfield>
   </datafield>
   <datafield ind2=" " ind1=" " tag="720">
      <subfield code="a">Gómez García, María Del Carmen</subfield>
      <subfield code="e">author</subfield>
   </datafield>
   <datafield ind2=" " ind1=" " tag="260">
      <subfield code="c">2020</subfield>
   </datafield>
   <datafield ind2=" " ind1=" " tag="520">
      <subfield code="a">O artigo procura realizar uma análise do estilo de Nietzsche. O filósofo faz uso da linguagem para fundamentar e lançar suas críticas a todos os campos do saber. Desse modo, ele leva a linguagem, a matéria-prima do artista, a uma crise. Com isso, ele tenta, por meio de uma escrita renovada, a criação de um mundo mais artístico. Ao estabelecer uma relação entre estilo e vida, Nietzsche faz que a corporeidade desempenhe um papel fundamental em seus escritos.</subfield>
   </datafield>
   <datafield ind2=" " ind1=" " tag="520">
      <subfield code="a">El artículo analiza el estilo de Nietzsche. El filósofo hace uso del lenguaje para fundamentar sus críticas a todos los campos del saber. De este modo, conduce el lenguaje, materia prima del artista, a una crisis sin precedentes. De lo que se trata, en definitiva es, mediante una escritura renovada, de crear un mundo más artístico. Al establecer una relación entre estilo y vida, Nietzsche hace que la corporeidad juegue un papel fundamental en sus escritos.</subfield>
   </datafield>
   <datafield ind1="8" ind2=" " tag="024">
      <subfield code="a">García, Carmen Gómez. «Nietzsche: Estilística para uma nova linguagem do pensamento». Cadernos Nietzsche, vol. 41, junio de 2020, pp. 171-91. SciELO, https://doi.org/10.1590/2316-82422020v4101cgg.</subfield>
   </datafield>
   <datafield ind1="8" ind2=" " tag="024">
      <subfield code="a">10.1590/2316-82422020v4101cgg</subfield>
   </datafield>
   <datafield ind1="8" ind2=" " tag="024">
      <subfield code="a">https://hdl.handle.net/20.500.14352/98319</subfield>
   </datafield>
   <datafield ind1="8" ind2=" " tag="024">
      <subfield code="a">http://dx.doi.org/10.1590/2316-82422020v4101cgg</subfield>
   </datafield>
   <datafield ind1="8" ind2=" " tag="024">
      <subfield code="a">https://www.scielo.br/j/cniet/a/kSHYXQQf66wf8nNxm5Wr3pf/?lang=pt</subfield>
   </datafield>
   <datafield ind2="0" ind1="0" tag="245">
      <subfield code="a">Nietzsche: Estilística para uma nova linguagem do pensamento</subfield>
   </datafield>
</record></metadata></record></GetRecord></OAI-PMH>